00409nam a22001337a 4500020001800000040000900018082001300027100002300040245004000063260004000103942001200143999001900155952010100174 a9781405935036 cNUST a823bDAH aDahl, Roald 97692 aFear bTales Of Terror And Suspense aUSA:bPenguin Random House, c1983. 2ddccBK c586209d586209 00102ddc4070aCEMEbCEMEcGENd2021-08-26l0o823 DAHpCEME-50297r2021-08-26w2021-08-26yBK